Gatorade Flavors - Statistics

General Stats
  • This quiz has been taken 205 times
  • The average score is 6 of 24
Answer Stats
Flavors % Correct
Orange
83%
Fruit Punch
76%
Grape
75%
Lemon-Lime
74%
Cool Blue
64%
Strawberry
53%
Glacier Freeze
50%
Lime
37%
Watermelon
30%
Berry
22%
Lemonade
21%
Riptide Rush
16%
Melon
9%
Strawberry Kiwi
9%
Tangerine
8%
Citrus Cooler
7%
Rasberry
5%
Fruit Punch + Berry
3%
Ice Punch
3%
Lemon-lime+strawberry
1%
Mango Electrico
1%
orange+tropical fruit
1%
Tropical Intenso
1%
Wild Berry
1%
No matching quizzes found
Score Distribution
Percent of People with Each Score
Percentile by Number Answered
Your Score History
You have not taken this quiz